000 02733cam a22005294i 4500
003 PE-LiUPU
005 20250731173341.0
008 150706s2006 ilu r 000 0 spa d
020 _a9781414312897
035 _a(Sirsi) i9781414312897
040 _aPE-LiUPU
_bspa
_cPE-LiUPU
_erda
049 _aPRUA
082 0 4 _a234.5
_bCh21
_221
100 1 _aChapman, Gary,
_eautor.
245 1 4 _aLos cinco lenguajes de la disculpa :
_bdesarrolle relaciones saludables y exitosas con los demás /
_cGary Chapman y Jennifer Thomas.
264 1 _aCarol Stream, Illinois :
_bTyndale House publisher,
_c2006.
300 _a301 páginas ;
_c24 centímetros
336 _atext
_2rdacontent
337 _aunmediated
_2rdamedia
338 _avolume
_2rdacarrier
500 _a"Autor del libro Los Cinco lenguajes del Amor--éxito del New York Times" -- en cubierta
500 _aIncluye un formulario para evaluación personal.
505 0 _a¿Por qué disculparse? -- Lenguaje de disculpa # 1 Expresar Arrepentimiento "Lo siento" -- Lenguaje de la disculpa # 2Aceptar la responsabilidad "Me equivoque" -- Lenguaje de la Disculpa # 3 Restituir "¿Qué puedo hacer para arreglarlo? -- Lenguaje de la disculpa # 4 Arrepentirse Genuinamente -- "¿Intentaré no volver a hacerlo" -- Lenguaje de la disculpa # 5: Pedir perdón "¿Me perdonas, por favor" -- Descubriendo su lenguaje principal de disculpa ¡Qué es lo que más espero de una disculpa? -- Disculparse es una elección -- Aprender a perdonar -- Aprender a disculparse en la familia -- Enseñar a los hijos a disculparse -- Disculparse en las relaciones románticas -- Disculparse en el lugar de trabajo -- Disculparse con Uno Mismo -- ¿Qué sucedería si todos aprendiéramos a disculparnos con eficacia?
526 _aSEG42
526 _aSEG41
526 _aSEG40
526 _aSEG39
526 _aP94
526 _aP87
526 _aP86
526 _aP85
526 _aP77
526 _aP76
526 _aP35
541 _g001-0020922;
650 0 4 _aDisculpa.
700 1 _aNewenhuyae, Betsey,
_eed.
700 1 _aRiverón, José Luís,
_eed.
700 1 _aThomas, Jennifer,
_eautor.
700 1 _aVincent, Jim,
_ed.
910 _agl
_bjv
_cng
_d20090910
942 _2ddc
_cBOOK
949 _a234.5 CH21
_wDEWEY
_c1
_i60300
_d2016-3-3
_e2016-2-4
_lCCODEBUL1
_mBUL
_n1
_p17.00
_r0
_sY
_tBOOK
_u2015-7-6
_xTEOLOGIA
_zUNKNOWN
_0COMPRA
_o.STAFF. Colección General
994 _aC0
_bPEPRU
596 _a1
999 _a234.5 CH21
_wDEWEY
_c49761
_i60300
_d49761
_e2016-2-4
_f2021-11-10
_g5
_lCCODEBUL1
_mBUL
_n1
_p17.00
_r0
_sY
_tBOOK
_u2015-7-6
_xTEOLOGIA
_PP35
_0COMPRA
_o.STAFF. Colección Teología
980 _81
_gALBERTO SANCHEZ Responsable de Automatización